[Event "Zurich Jubilee Open 2009"]
[Site "Zuerich SUI"]
[Date "2009.08.15"]
[Round "9.13"]
[White "Heimann, Andreas"]
[Black "Gharamian, Tigran"]
[Result "0-1"]
[WhiteElo "2435"]
[BlackElo "2615"]
[PlyCount "72"]
[EventDate "2009.08.09"]
[EventType "swiss"]
[EventRounds "9"]
[EventCountry "SUI"]
[Source "lmi"]
[SourceDate "2009.08.09"]

1. e4 g6 2. d4 Bg7 3. Nc3 c6 4. Bc4 d6 5. Qf3 e6 6. Nge2 Nd7 7. Be3 Qe7 8.
O-O-O b5 9. Bb3 a5 10. a3 b4 11. Nb1 d5 12. g4 a4 13. Ba2 Rb8 14. exd5 b3 15.
cxb3 axb3 16. Bxb3 Rxb3 17. dxc6 Nb6 18. Kc2 Rb5 19. Nec3 Ra5 20. b4 Ra8 21.
Rhe1 Nc4 22. Bc1 Nf6 23. d5 O-O 24. Qd3 Nb6 25. d6 Qd8 26. d7 Nfxd7 27. cxd7
Bxd7 28. Be3 Qc7 29. Bc5 Ba4+ 30. Nxa4 Nxa4 31. Qd6 Qb7 32. Be3 Rfc8+ 33. Kb3
Nc3 34. Rd3 Nd5 35. Rxd5 exd5 36. Rd1 Qb5 0-1

[Event "Zurich Jubilee Open 2009"]
[Site "Zuerich SUI"]
[Date "2009.08.15"]
[Round "9.14"]
[White "Bauer, Christian"]
[Black "Gonzalez Garcia, Jose"]
[Result "1-0"]
[WhiteElo "2602"]
[BlackElo "2509"]
[PlyCount "69"]
[EventDate "2009.08.09"]
[EventType "swiss"]
[EventRounds "9"]
[EventCountry "SUI"]
[Source "lmi"]
[SourceDate "2009.08.09"]

1. d4 e6 2. Nf3 Nf6 3. Bf4 d5 4. e3 c5 5. c3 Nc6 6. Nbd2 Bd6 7. Bg3 Qe7 8. Bd3
e5 9. dxc5 Bxc5 10. e4 Bg4 11. exd5 Nxd5 12. O-O f6 13. Qc2 g5 14. b4 Bb6 15.
a4 a5 16. Be4 Be6 17. Nc4 Bc7 18. Rfd1 Qf7 19. b5 Nce7 20. Rab1 Rc8 21. b6 Bb8
22. Nxa5 Nxc3 23. Bxb7 Bf5 24. Bc6+ Nxc6 25. Qxf5 O-O 26. b7 Rc7 27. Nxc6 Nxb1
28. Nxb8 Nc3 29. Nd7 Rxb7 30. Nxf8 Nxd1 31. Nxh7 Nc3 32. h4 Ne2+ 33. Kh2 Rb6
34. Nhxg5 fxg5 35. Qc8+ 1-0

[Event "Zurich Jubilee Open 2009"]
[Site "Zuerich SUI"]
[Date "2009.08.15"]
[Round "9.15"]
[White "Hou, Yifan"]
[Black "Reinaldo Castineira, Roi"]
[Result "1-0"]
[WhiteElo "2584"]
[BlackElo "2503"]
[PlyCount "79"]
[EventDate "2009.08.09"]
[EventType "swiss"]
[EventRounds "9"]
[EventCountry "SUI"]
[Source "lmi"]
[SourceDate "2009.08.09"]

1. e4 e5 2. Nf3 d6 3. Bc4 Be7 4. d3 Nf6 5. O-O O-O 6. c3 c6 7. Bb3 Nbd7 8. Re1
Re8 9. Nbd2 Bf8 10. d4 Qc7 11. h3 h6 12. Bc2 g6 13. Nf1 Bg7 14. Ng3 Nf8 15. Be3
Be6 16. Qd2 Kh7 17. Rad1 Rad8 18. Qc1 Bc8 19. Nd2 Ne6 20. Nf3 b6 21. b4 Nf8 22.
a4 N8d7 23. h4 Nf8 24. h5 Bg4 25. hxg6+ fxg6 26. dxe5 dxe5 27. Rxd8 Rxd8 28.
Nh2 Bc8 29. f4 exf4 30. Bxf4 Qe7 31. e5 Nd5 32. Bd2 Qh4 33. Ne4 Ne6 34. Nf3 Qe7
35. Nd6 Rxd6 36. exd6 Qxd6 37. Nh4 Ndf4 38. Bxf4 Nxf4 39. Re8 Be6 40. Qxf4 1-0

[Event "Zurich Jubilee Open 2009"]
[Site "Zuerich SUI"]
[Date "2009.08.15"]
[Round "9.17"]
[White "Riff, Jean-Noel"]
[Black "Geetha Narayanan Gopal"]
[Result "0-1"]
[WhiteElo "2505"]
[BlackElo "2575"]
[PlyCount "82"]
[EventDate "2009.08.09"]
[EventType "swiss"]
[EventRounds "9"]
[EventCountry "SUI"]
[Source "lmi"]
[SourceDate "2009.08.09"]

1. e4 c5 2. Nf3 d6 3. d4 cxd4 4. Nxd4 Nf6 5. Nc3 a6 6. h3 e6 7. g4 Be7 8. Bg2
Nfd7 9. O-O Nc6 10. Nce2 O-O 11. b3 Qc7 12. Bb2 Nxd4 13. Nxd4 b5 14. a4 bxa4
15. Rxa4 Bb7 16. Ra2 Nc5 17. Qe2 a5 18. Rd1 Qb6 19. Qe3 a4 20. Rda1 h6 21. bxa4
Nxa4 22. Bc1 Bf6 23. e5 Bxe5 24. Bxb7 Bxd4 25. Bxa8 Bxe3 26. Bxe3 Nc5 27. Bf3
Qb4 28. Kg2 Qc3 29. Rd1 d5 30. Ra7 Ne4 31. Bxe4 dxe4 32. Rdd7 Qxc2 33. Rac7 Qe2
34. Bc5 Qf3+ 35. Kh2 Ra8 36. Rxf7 Qxf7 37. Rxf7 Kxf7 38. Kg3 Ra5 39. Be3 g5 40.
h4 Ra3 41. hxg5 hxg5 0-1

[Event "Zurich Jubilee Open 2009"]
[Site "Zuerich SUI"]
[Date "2009.08.15"]
[Round "9.19"]
[White "Hirneise, Tobias"]
[Black "Malakhatko, Vadim"]
[Result "1-0"]
[WhiteElo "2429"]
[BlackElo "2570"]
[PlyCount "57"]
[EventDate "2009.08.09"]
[EventType "swiss"]
[EventRounds "9"]
[EventCountry "SUI"]
[Source "lmi"]
[SourceDate "2009.08.09"]

1. d4 d5 2. c4 c6 3. Nc3 Nf6 4. e3 a6 5. Nf3 e6 6. b3 Bb4 7. Bd2 Bd6 8. Bd3 c5
9. O-O Nc6 10. Qe2 O-O 11. Rfd1 dxc4 12. bxc4 Qc7 13. dxc5 Bxc5 14. Ne4 Be7 15.
Bc3 Ng4 16. Qb2 f6 17. c5 Bd7 18. Bc4 Kh8 19. Rab1 Nd8 20. h3 Nh6 21. Qd2 Ba4
22. Rdc1 Nhf7 23. Ba5 Qb8 24. Nd4 Qe5 25. Nc3 Bc6 26. f4 Qxc5 27. Bb4 Qxc4 28.
Bxe7 Re8 29. Rb4 1-0

[Event "Zurich Jubilee Open 2009"]
[Site "Zuerich SUI"]
[Date "2009.08.15"]
[Round "9.21"]
[White "Jovanic, Ognjen"]
[Black "Fernandez Garcia, Jose Luis"]
[Result "1/2-1/2"]
[WhiteElo "2541"]
[BlackElo "2465"]
[PlyCount "57"]
[EventDate "2009.08.09"]
[EventType "swiss"]
[EventRounds "9"]
[EventCountry "SUI"]
[Source "lmi"]
[SourceDate "2009.08.09"]

1. d4 Nf6 2. c4 g6 3. Nc3 d5 4. Qb3 dxc4 5. Qxc4 Bg7 6. e4 O-O 7. Be2 a6 8. Nf3
b5 9. Qb3 c5 10. dxc5 Nbd7 11. e5 Nxc5 12. Qb4 Nfd7 13. O-O a5 14. Qh4 Bb7 15.
Rd1 b4 16. Nd5 Bxd5 17. Rxd5 e6 18. Bg5 exd5 19. Bxd8 Raxd8 20. Qd4 Ne6 21.
Qxd5 Nxe5 22. Qxa5 Ra8 23. Qxb4 Rfb8 24. Qe4 Nxf3+ 25. Qxf3 Nd4 26. Qd3 Nxe2+
27. Qxe2 Bxb2 28. Rb1 Rxa2 29. g3 1/2-1/2